[Event "Nova Gorica op 28th"]
[Site "Nova Gorica"]
[Date "2024.02.01"]
[Round "8"]
[White "Rigatti, Giorgio"]
[Black "Ongut, Tamas Gunes"]
[Result "0-1"]
[WhiteElo "1749"]
[BlackElo "2310"]
[PlyCount "82"]
[EventDate "2024.01.26"]
[EventType "swiss"]
[EventRounds "9"]
[EventCountry "SLO"]
[SourceTitle "CB06_2024"]
[SourceDate "2024.02.07"]
[SourceVersion "1"]
[SourceVersionDate "2024.02.07"]
[SourceQuality "1"]

1. e4 c5 2. Nf3 e6 3. d4 cxd4 4. Nxd4 a6 5. Nc3 Qc7 6. g3 Bb4 7. Bd2 Nf6 8. Bg2 Qc4 9. Nde2 d6 10. 0-0 0-0 11. a3 Ba5 12. Bg5 Qc7 13. h3 Nbd7 14. Be3 Ne5 15. b4 Bb6 16. Bxb6 Qxb6 17. Qd4 Qc7 18. f4 Nc4 19. g4 e5 20. Qf2 exf4 21. Nxf4 Be6 22. g5 Nd7 23. Ncd5 Qd8 24. h4 Nde5 25. Qd4 Bg4 26. Nd3 Rc8 27. Rf4 Be6 28. Raf1 Ng6 29. Rf6 Bxd5 30. exd5 gxf6 31. h5 Nge5 32. Rxf6 Nd7 33. Qf4 Qb6+ 34. Kh1 Qe3 35. Qf5 Nxf6 36. gxf6 Kh8 37. Be4 Qh6 38. Nf2 Ne5 39. Kg2 Rg8+ 40. Kh3 Rc3+ 41. Kh4 Ng6+ 0-1

[Event "Nova Gorica op 28th"]
[Site "Nova Gorica"]
[Date "2024.01.28"]
[Round "4"]
[White "Szegedy, Matyas"]
[Black "Ongut, Tamas Gunes"]
[Result "1-0"]
[WhiteElo "2129"]
[BlackElo "2310"]
[PlyCount "73"]
[EventDate "2024.01.26"]
[EventType "swiss"]
[EventRounds "9"]
[EventCountry "SLO"]
[SourceTitle "CB06_2024"]
[SourceDate "2024.02.07"]
[SourceVersion "1"]
[SourceVersionDate "2024.02.07"]
[SourceQuality "1"]

1. e4 g6 2. d4 Bg7 3. Nc3 d6 4. Bc4 a6 5. a4 Nc6 6. Be3 Nf6 7. f3 0-0 8. Nge2 e6 9. Ba2 Nb4 10. Bb3 Re8 11. Qd2 e5 12. d5 c6 13. a5 cxd5 14. Bb6 Qe7 15. exd5 e4 16. 0-0 e3 17. Qe1 Bf5 18. Ra4 Nxc2 19. Qd1 Rac8 20. Bxc2 Bxc2 21. Qxc2 Nxd5 22. Re4 Nxc3 23. bxc3 Qd7 24. Qd3 d5 25. Rxe3 Rxe3 26. Bxe3 Qa4 27. Bb6 Re8 28. Nd4 Qa2 29. f4 Bh6 30. Nc2 Bg7 31. Ne3 h5 32. f5 d4 33. Bxd4 Bxd4 34. Qxd4 Qxa5 35. fxg6 fxg6 36. Nd5 Rd8 37. Ne7+ 1-0

[Event "Nova Gorica op 28th"]
[Site "Nova Gorica"]
[Date "2024.01.26"]
[Round "1"]
[White "Ongut, Tamas Gunes"]
[Black "Centrih, Aleks"]
[Result "1-0"]
[WhiteElo "2310"]
[BlackElo "2082"]
[PlyCount "111"]
[EventDate "2024.01.26"]
[EventType "swiss"]
[EventRounds "9"]
[EventCountry "SLO"]
[SourceTitle "CB06_2024"]
[SourceDate "2024.02.07"]
[SourceVersion "1"]
[SourceVersionDate "2024.02.07"]
[SourceQuality "1"]

1. d4 Nf6 2. c4 g6 3. Nc3 Bg7 4. e4 d6 5. Be2 0-0 6. Be3 c5 7. d5 e6 8. Nf3 exd5 9. cxd5 b5 10. e5 dxe5 11. Bxc5 Re8 12. Bxb5 Nbd7 13. Be3 Ng4 14. 0-0 Nxe3 15. fxe3 Rb8 16. Qd2 Rf8 17. Rac1 Qb6 18. b3 e4 19. Nd4 Ne5 20. Nxe4 Ng4 21. Bc6 Nxe3 22. Nf6+ Bxf6 23. Rxf6 Nf5 24. Rc4 Qd8 25. Rxf5 Bxf5 26. Nxf5 gxf5 27. Qh6 Qe7 28. h3 Qe1+ 29. Kh2 Qe5+ 30. Kg1 Qe1+ 31. Kh2 Qe5+ 32. Qf4 f6 33. Ra4 Rf7 34. d6 Kf8 35. d7 Ke7 36. g3 Qxf4 37. Rxf4 Kd6 38. Ba4 Ke5 39. Rc4 Kd6 40. Rc8 Rf8 41. Re8 Rd8 42. Kg2 Kc7 43. Kf3 Rf7 44. Kf4 Rg7 45. Re6 Rg6 46. Ra6 Kb7 47. Ra5 Rg5 48. Rc5 h6 49. b4 a6 50. Rxf5 Rxf5+ 51. Kxf5 Kc7 52. Kxf6 Rg8 53. g4 Rb8 54. Ke7 Rg8 55. Bb3 Rg7+ 56. Bf7 1-0

[Event "Krakow op-A 34th"]
[Site "Krakow"]
[Date "2023.12.31"]
[Round "5"]
[White "Pacan Milej, Kosma"]
[Black "Ongut, Tamas Gunes"]
[Result "1-0"]
[WhiteElo "2425"]
[BlackElo "2313"]
[PlyCount "67"]
[EventDate "2023.12.27"]
[EventType "swiss"]
[EventRounds "9"]
[EventCountry "POL"]
[SourceTitle "CB02_2024"]
[SourceDate "2024.01.10"]
[SourceVersion "1"]
[SourceVersionDate "2024.01.10"]
[SourceQuality "1"]

1. d4 Nf6 2. c4 e6 3. Nc3 d5 4. cxd5 exd5 5. Bg5 Bb4 6. e3 h6 7. Bxf6 Qxf6 8. Qb3 Qd6 9. a3 Bxc3+ 10. bxc3 Nd7 11. Bd3 0-0 12. Nf3 c5 13. Qb2 Rb8 14. a4 c4 15. Bc2 b5 16. axb5 a6 17. Ra5 Rb6 18. 0-0 Nb8 19. Ne5 f6 20. Ng6 Re8 21. Nf4 Nc6 22. Raa1 axb5 23. Bg6 Rd8 24. Qe2 Ne7 25. Bc2 b4 26. cxb4 Rxb4 27. Qh5 Rb2 28. Bd1 Bf5 29. Ra7 Be4 30. Ba4 Rb1 31. Rxb1 Bxb1 32. Be8 Kh7 33. Qf7 Nf5 34. Nh5 1-0

[Event "Krakow op-A 34th"]
[Site "Krakow"]
[Date "2023.12.28"]
[Round "2"]
[White "Ongut, Tamas Gunes"]
[Black "Hnatyshyn, Anastasiya"]
[Result "1/2-1/2"]
[WhiteElo "2313"]
[BlackElo "2152"]
[PlyCount "73"]
[EventDate "2023.12.27"]
[EventType "swiss"]
[EventRounds "9"]
[EventCountry "POL"]
[SourceTitle "CB02_2024"]
[SourceDate "2024.01.10"]
[SourceVersion "1"]
[SourceVersionDate "2024.01.10"]
[SourceQuality "1"]

1. e4 c6 2. d4 d5 3. exd5 cxd5 4. Bd3 Nc6 5. c3 Nf6 6. h3 Qc7 7. Nf3 g6 8. 0-0 Bg7 9. Re1 0-0 10. a4 Bf5 11. Ne5 Nxe5 12. Bxf5 gxf5 13. dxe5 Ne4 14. f3 Nc5 15. Qxd5 Rfd8 16. Qc4 Bxe5 17. Na3 Bg3 18. Nb5 Qd7 19. Rf1 Ne6 20. Be3 Rac8 21. Qe2 a6 22. Rfd1 Qe8 23. Nd4 Nxd4 24. Bxd4 e5 25. Bf2 Bf4 26. Rxd8 Rxd8 27. Rd1 Rc8 28. g3 Bg5 29. Rd5 Bf6 30. Qd3 e4 31. fxe4 fxe4 32. Qd2 Qe6 33. Rd6 Qf5 34. g4 Qf3 35. Qe3 Kg7 36. Qxf3 exf3 37. Rd5 1/2-1/2

[Event "Budapest Vezerkepzo Fall IM"]
[Site "Budapest"]
[Date "2023.10.30"]
[Round "1"]
[White "Ongut, Tamas Gunes"]
[Black "Kushko, Dmitriy"]
[Result "0-1"]
[WhiteElo "2295"]
[BlackElo "2426"]
[PlyCount "72"]
[EventDate "2023.10.30"]
[EventType "tourn"]
[EventRounds "9"]
[EventCountry "HUN"]
[SourceTitle "Mega2024 Update 01"]
[Source "Chessbase"]
[SourceDate "2023.11.12"]
[SourceVersion "1"]
[SourceVersionDate "2023.11.12"]
[SourceQuality "1"]

1. e4 c6 2. Nf3 d5 3. Nc3 dxe4 4. Nxe4 Nf6 5. Qe2 Nxe4 6. Qxe4 Nd7 7. d4 Nf6 8. Qd3 Bg4 9. Be2 e6 10. 0-0 Be7 11. h3 Bf5 12. Qb3 Qc7 13. Re1 0-0 14. c3 c5 15. Bg5 Rac8 16. dxc5 Bxc5 17. Bxf6 gxf6 18. Nd4 Bxd4 19. cxd4 Rfd8 20. Qe3 Qb6 21. Rad1 Qxb2 22. Qg3+ Kh8 23. Qh4 Kg7 24. Qg3+ Bg6 25. h4 Qc3 26. Bf3 Qc7 27. Qxc7 Rxc7 28. d5 e5 29. h5 Bf5 30. g4 Bd7 31. d6 Rc4 32. g5 Bg4 33. Kg2 Rf4 34. gxf6+ Kxf6 35. Bxg4 Rxg4+ 36. Kh3 Rd4 0-1

[Event "Titled Tuesday intern op 31st Jan Early"]
[Site "Chess.com INT"]
[Date "2023.01.31"]
[Round "4"]
[White "Bilych, Olexiy"]
[Black "Ongut, Tamas Gunes"]
[Result "1-0"]
[WhiteElo "2416"]
[BlackElo "2340"]
[PlyCount "47"]
[EventDate "2023.01.31"]
[EventType "swiss (blitz)"]
[EventRounds "11"]
[EventCountry "USA"]
[SourceTitle "CBM 212 Extra"]
[Source "ChessBase"]
[SourceDate "2023.03.31"]
[SourceVersion "1"]
[SourceVersionDate "2023.03.31"]
[SourceQuality "1"]

1. d4 d5 2. c4 e6 3. Nf3 Nf6 4. cxd5 exd5 5. Nc3 c6 6. Bf4 Bf5 7. e3 Nbd7 8. Nh4 Be6 9. Bd3 Ne4 10. Nf3 Bb4 11. Rc1 f5 12. 0-0 0-0 13. Qb3 Qb6 14. Nxe4 fxe4 15. Bxe4 Bg4 16. h3 Kh8 17. hxg4 dxe4 18. Ng5 Nf6 19. Nf7+ Kg8 20. Ne5+ Kh8 21. g5 Nd5 22. Nd7 Nxf4 23. Nxb6 Ne2+ 24. Kh2 1-0

[Event "Budapest SixDays 01 IM-A"]
[Site "Budapest"]
[Date "2023.01.28"]
[Round "9"]
[White "Heimisson, Hilmir Freyr"]
[Black "Ongut, Tamas Gunes"]
[Result "1/2-1/2"]
[WhiteElo "2321"]
[BlackElo "2340"]
[PlyCount "73"]
[EventDate "2023.01.23"]
[EventType "tourn"]
[EventRounds "9"]
[EventCountry "HUN"]
[SourceTitle "CBM 212 Extra"]
[Source "ChessBase"]
[SourceDate "2023.03.31"]
[SourceVersion "1"]
[SourceVersionDate "2023.03.31"]
[SourceQuality "1"]

1. e4 c5 2. c3 Nf6 3. e5 Nd5 4. Nf3 d6 5. Bb5+ Bd7 6. Bc4 e6 7. d4 cxd4 8. Bxd5 exd5 9. 0-0 Bg4 10. exd6 Bxd6 11. Re1+ Kf8 12. h3 Bh5 13. cxd4 Nc6 14. Be3 Qd7 15. Nc3 Rd8 16. Nxd5 Bh2+ 17. Kxh2 Qxd5 18. b3 Bxf3 19. Qxf3 Qxf3 20. gxf3 Nb4 21. d5 Nc2 22. Bc5+ Kg8 23. Be7 Ra8 24. d6 Nxe1 25. Rxe1 f6 26. d7 Kf7 27. Bd6 f5 28. Bc7 Rad8 29. Rd1 Ke6 30. Bxd8 Rxd8 31. Re1+ Kf6 32. Rd1 Ke6 33. Re1+ Kf6 34. Rd1 Ke6 35. Kg3 h6 36. Re1+ Kf6 37. Rd1 1/2-1/2

[Event "Budapest SixDays 01 IM-A"]
[Site "Budapest"]
[Date "2023.01.26"]
[Round "6"]
[White "Ongut, Tamas Gunes"]
[Black "Orso, Miklos"]
[Result "1-0"]
[WhiteElo "2340"]
[BlackElo "2256"]
[PlyCount "77"]
[EventDate "2023.01.23"]
[EventType "tourn"]
[EventRounds "9"]
[EventCountry "HUN"]
[SourceTitle "CBM 212 Extra"]
[Source "ChessBase"]
[SourceDate "2023.03.31"]
[SourceVersion "1"]
[SourceVersionDate "2023.03.31"]
[SourceQuality "1"]

1. e4 c5 2. Nf3 Nc6 3. Bb5 g6 4. 0-0 Bg7 5. Re1 e5 6. a3 Nge7 7. b4 d6 8. bxc5 dxc5 9. Nc3 0-0 10. Bc4 Nd4 11. h3 Be6 12. Bxe6 Nxe6 13. d3 Qd7 14. Rb1 Rfd8 15. a4 Nd4 16. Nd2 Rac8 17. Nc4 Rc6 18. Bg5 f6 19. Bd2 g5 20. Ne3 b6 21. Ncd5 Nxd5 22. Nxd5 h6 23. a5 Rb8 24. axb6 axb6 25. c3 Ne6 26. Qa4 Kh7 27. Rxb6 Rbxb6 28. Nxb6 Qb7 29. Nd5 c4 30. dxc4 Nc5 31. Qb5 Rc8 32. Ra1 Qf7 33. Qb6 Nxe4 34. Ra7 Qf8 35. Qe6 Nxd2 36. Qf5+ Kh8 37. Ne7 Qxe7 38. Rxe7 Rb8 39. g4 1-0

[Event "Seville op 48th"]
[Site "Seville"]
[Date "2023.01.17"]
[Round "5"]
[White "Stremavicius, Titas"]
[Black "Ongut, Tamas Gunes"]
[Result "1-0"]
[WhiteElo "2526"]
[BlackElo "2340"]
[PlyCount "55"]
[EventDate "2023.01.13"]
[EventType "swiss"]
[EventRounds "9"]
[EventCountry "ESP"]
[SourceTitle "CBM 212 Extra"]
[Source "ChessBase"]
[SourceDate "2023.03.31"]
[SourceVersion "1"]
[SourceVersionDate "2023.03.31"]
[SourceQuality "1"]

1. d4 d5 2. Nf3 Nf6 3. g3 c5 4. Bg2 cxd4 5. 0-0 h6 6. b3 e6 7. Bb2 Be7 8. Ne5 Nfd7 9. Bxd4 Nxe5 10. Bxe5 Bf6 11. Bxf6 Qxf6 12. Na3 0-0 13. c4 Qe7 14. Qc1 Nc6 15. Rd1 Nb4 16. Nc2 Nc6 17. Nd4 Rd8 18. cxd5 exd5 19. Nxc6 bxc6 20. Qxc6 Bg4 21. Bf1 Rac8 22. Qa4 h5 23. Rd2 Qg5 24. Rad1 Rc1 25. h4 Qh6 26. Qa5 Rdc8 27. Rxd5 Qe6 28. Qa3 1-0

[Event "Titled Tuesday intern op 10th Jan Late"]
[Site "Chess.com INT"]
[Date "2023.01.10"]
[Round "3"]
[White "Barrientos Chavarriaga, Sergio E"]
[Black "Ongut, Tamas Gunes"]
[Result "1-0"]
[WhiteElo "2479"]
[BlackElo "2340"]
[PlyCount "57"]
[EventDate "2023.01.10"]
[EventType "swiss (blitz)"]
[EventRounds "11"]
[EventCountry "USA"]
[SourceTitle "EXT 2024"]
[Source "ChessBase"]
[SourceDate "2023.10.10"]
[SourceVersion "1"]
[SourceVersionDate "2023.10.10"]
[SourceQuality "1"]

1. e4 e5 2. Nf3 Nc6 3. Bb5 a6 4. Ba4 d6 5. c4 Nf6 6. Nc3 Bg4 7. d3 Be7 8. h3 Bxf3 9. Qxf3 0-0 10. Be3 Nd4 11. Bxd4 exd4 12. Ne2 Nd7 13. Bxd7 Qxd7 14. Nxd4 Bf6 15. Qe3 b5 16. 0-0 c5 17. Nf5 Bxb2 18. Rab1 Bc3 19. d4 Bxd4 20. Nxd4 cxd4 21. Qxd4 bxc4 22. Qxc4 Rfc8 23. Qd3 Qe6 24. Rb3 Rc4 25. f3 Rac8 26. Rd1 Rc1 27. Rb1 R1c2 28. a4 Qg6 29. Qxc2 1-0

[Event "Titled Tuesday intern op 10th Jan Late"]
[Site "Chess.com INT"]
[Date "2023.01.10"]
[Round "11"]
[White "Ismagilov, Damir"]
[Black "Ongut, Tamas Gunes"]
[Result "0-1"]
[WhiteElo "2142"]
[BlackElo "2340"]
[PlyCount "150"]
[EventDate "2023.01.10"]
[EventType "swiss (blitz)"]
[EventRounds "11"]
[EventCountry "USA"]
[SourceTitle "EXT 2024"]
[Source "ChessBase"]
[SourceDate "2023.10.10"]
[SourceVersion "1"]
[SourceVersionDate "2023.10.10"]
[SourceQuality "1"]

1. e4 e5 2. Nf3 Nc6 3. Bb5 a6 4. Ba4 d6 5. d4 b5 6. Bb3 Nxd4 7. Nxd4 exd4 8. c3 dxc3 9. Nxc3 Nf6 10. 0-0 Be7 11. Nd5 0-0 12. Bf4 Nxd5 13. Bxd5 Rb8 14. Rc1 Be6 15. Rc6 Bf6 16. Bxe6 fxe6 17. Qb3 Qe8 18. Rxa6 Bd4 19. Be3 Bf6 20. Rc1 c5 21. Rxd6 c4 22. Qc2 Be5 23. Rd2 Qh5 24. h3 Ra8 25. b3 c3 26. Rd7 b4 27. Rcd1 Bf6 28. Qd3 Qa5 29. Qc4 Qxa2 30. Qxe6+ Kh8 31. Rc7 c2 32. Rc1 Bc3 33. Qe7 Rae8 34. Qc5 Qxb3 35. Qb5 Qe6 36. Rxc2 Qxe4 37. Rc1 Qe5 38. Qd7 b3 39. R1xc3 b2 40. Rb3 Rd8 41. Qg4 Qxc7 42. Rxb2 Qd7 43. Qe4 Qd1+ 44. Kh2 Qd6+ 45. g3 Qf6 46. Rb7 Qf3 47. Qe7 Qf6 48. Qc7 Qg6 49. Qe7 h6 50. Qc7 Rde8 51. h4 Qf6 52. Qf4 Qxf4 53. Bxf4 Rg8 54. Kg2 Kh7 55. Be3 Ref8 56. Bf4 Rf6 57. Be5 Rf5 58. Bd4 Kg6 59. Be3 h5 60. Bd4 Rf7 61. Rb6+ Kh7 62. Be3 g6 63. Rb5 Re8 64. Rb6 Re5 65. Rb8 Ref5 66. Bd4 g5 67. Rh8+ Kg6 68. Rg8+ Kh7 69. Rxg5 Rxg5 70. hxg5 Kg6 71. f4 Kf5 72. Kh3 Kg6 73. Be5 Kf5 74. Kh4 Rh7 75. Bf6 Kg6 0-1

[Event "Titled Tuesday intern op 10th Jan Late"]
[Site "Chess.com INT"]
[Date "2023.01.10"]
[Round "5"]
[White "Ongut, Tamas Gunes"]
[Black "Djokic, Mihailo"]
[Result "0-1"]
[WhiteElo "2340"]
[BlackElo "2221"]
[PlyCount "100"]
[EventDate "2023.01.10"]
[EventType "swiss (blitz)"]
[EventRounds "11"]
[EventCountry "USA"]
[SourceTitle "EXT 2024"]
[Source "ChessBase"]
[SourceDate "2023.10.10"]
[SourceVersion "1"]
[SourceVersionDate "2023.10.10"]
[SourceQuality "1"]

1. e4 c5 2. Nf3 d6 3. d4 cxd4 4. Nxd4 Nf6 5. Nc3 g6 6. Be3 Bg7 7. f3 0-0 8. Qd2 Nc6 9. 0-0-0 Bd7 10. g4 Rc8 11. Kb1 Ne5 12. h4 Qa5 13. Nd5 Qxd2 14. Nxe7+ Kh8 15. Rxd2 Rce8 16. g5 Nxe4 17. Nxg6+ fxg6 18. fxe4 Ng4 19. Bh3 Rxe4 20. Bxg4 Bxg4 21. Rd3 Rfe8 22. Bf2 Rf4 23. Be3 Rxe3 24. Rxe3 Bxd4 25. Re8+ Kg7 26. Re7+ Rf7 27. Re4 Bf3 28. Rxd4 Bxh1 29. a4 d5 30. b3 Be4 31. Kb2 Rf2 32. Kc3 Rxc2+ 33. Kb4 b6 34. a5 bxa5+ 35. Kxa5 Rh2 36. b4 Rxh4 37. b5 Rh1 38. Ka6 Ra1+ 39. Kb7 Rb1 40. Ka6 h5 41. gxh6+ Kxh6 42. Ra4 Bd3 43. Ra5 Rxb5 44. Rxb5 Bxb5+ 45. Kxb5 g5 46. Kc5 g4 47. Kd4 Kh5 48. Kxd5 Kh4 49. Ke4 g3 50. Kf3 Kh3 0-1

[Event "HUN-chT 2223"]
[Site "Hungary"]
[Date "2022.12.18"]
[Round "3.3"]
[White "Nemeth, Miklos"]
[Black "Ongut, Tamas Gunes"]
[Result "1/2-1/2"]
[WhiteElo "2469"]
[BlackElo "2281"]
[PlyCount "88"]
[EventDate "2022.11.20"]
[EventType "team-tourn"]
[EventRounds "9"]
[EventCountry "HUN"]
[SourceTitle "CBM 213 Extra"]
[Source "ChessBase"]
[SourceDate "2023.05.31"]
[SourceVersion "1"]
[SourceVersionDate "2023.05.31"]
[SourceQuality "1"]
[WhiteTeam "Haladas"]
[BlackTeam "Budapest MTK"]
[WhiteTeamCountry "HUN"]
[BlackTeamCountry "HUN"]

1. e4 e5 2. Nf3 Nf6 3. d3 Nc6 4. c3 d5 5. Qc2 Be7 6. Be2 0-0 7. 0-0 a5 8. a4 Bg4 9. Na3 Qd7 10. Nb5 h6 11. h3 Be6 12. Re1 Rfe8 13. Bf1 Bf8 14. Be3 Rad8 15. Rad1 Qc8 16. Bc1 dxe4 17. dxe4 Rxd1 18. Rxd1 Rd8 19. Rxd8 Qxd8 20. Be3 Nd7 21. Qd1 Be7 22. Be2 Kf8 23. Ne1 Bc5 24. Bc1 Bb6 25. Nd3 Nf6 26. Qc2 Nxe4 27. b3 Bf5 28. Qd1 Ng3 29. Ba3+ Kg8 30. Nc5 Nxe2+ 31. Qxe2 Qd5 32. c4 Nd4 33. Qh5 Qd8 34. Nxd4 g6 35. Qd1 Bxc5 36. Bxc5 exd4 37. g4 Be4 38. f3 b6 39. Qxd4 Qxd4+ 40. Bxd4 Bxf3 41. Be5 Bd1 42. Bxc7 Bxb3 43. Bxb6 Bxc4 44. Bxa5 Bb3 1/2-1/2

[Event "Budapest SixDays 11 IM"]
[Site "Budapest"]
[Date "2022.12.02"]
[Round "8"]
[White "Ilincic, Zlatko"]
[Black "Ongut, Tamas Gunes"]
[Result "1/2-1/2"]
[WhiteElo "2311"]
[BlackElo "2281"]
[PlyCount "25"]
[EventDate "2022.11.28"]
[EventType "tourn"]
[EventRounds "9"]
[EventCountry "HUN"]
[SourceTitle "CBM 211 Extra"]
[Source "ChessBase"]
[SourceDate "2023.01.31"]
[SourceVersion "1"]
[SourceVersionDate "2023.01.31"]
[SourceQuality "1"]

1. d4 d5 2. c4 dxc4 3. e4 b5 4. a4 c6 5. Nf3 e6 6. axb5 cxb5 7. b3 Bb7 8. bxc4 Bxe4 9. cxb5 Nf6 10. Be2 Bb4+ 11. Bd2 Bxd2+ 12. Nbxd2 Bd5 13. 0-0 1/2-1/2

[Event "Budapest SixDays 11 IM"]
[Site "Budapest"]
[Date "2022.12.02"]
[Round "7"]
[White "Paasikangas Tella, Johanna"]
[Black "Ongut, Tamas Gunes"]
[Result "1/2-1/2"]
[WhiteElo "2087"]
[BlackElo "2281"]
[PlyCount "72"]
[EventDate "2022.11.28"]
[EventType "tourn"]
[EventRounds "9"]
[EventCountry "HUN"]
[SourceTitle "CBM 211 Extra"]
[Source "ChessBase"]
[SourceDate "2023.01.31"]
[SourceVersion "1"]
[SourceVersionDate "2023.01.31"]
[SourceQuality "1"]

1. d4 Nf6 2. c4 d6 3. Nf3 g6 4. Nc3 Bg7 5. e4 0-0 6. Be2 Nbd7 7. 0-0 e5 8. dxe5 dxe5 9. Bg5 h6 10. Bh4 Re8 11. Ne1 c6 12. Rc1 Qb6 13. Rb1 Nc5 14. Bxf6 Bxf6 15. Na4 Nxa4 16. Qxa4 Rd8 17. Qc2 Be6 18. b4 a5 19. a3 axb4 20. axb4 Be7 21. c5 Qa7 22. Nf3 Qa2 23. Rb2 Qa3 24. h3 Kg7 25. Rfb1 Bf6 26. Bc4 Bxc4 27. Qxc4 Rd7 28. Qc2 Rad8 29. Kh2 Qd3 30. Ra1 g5 31. Ra7 Qf1 32. Qe2 Qc1 33. Rc2 Qb1 34. Rb2 Qc1 35. Rc2 Qb1 36. Rb2 Qc1 1/2-1/2

[Event "Budapest SixDays 11 IM"]
[Site "Budapest"]
[Date "2022.11.30"]
[Round "5"]
[White "Player, Edmund C"]
[Black "Ongut, Tamas Gunes"]
[Result "0-1"]
[WhiteElo "2212"]
[BlackElo "2281"]
[PlyCount "89"]
[EventDate "2022.11.28"]
[EventType "tourn"]
[EventRounds "9"]
[EventCountry "HUN"]
[SourceTitle "CBM 211 Extra"]
[Source "ChessBase"]
[SourceDate "2023.01.31"]
[SourceVersion "1"]
[SourceVersionDate "2023.01.31"]
[SourceQuality "1"]

1. e4 e5 2. Bc4 Nf6 3. d3 Nc6 4. Nf3 h6 5. c3 d6 6. Nbd2 g5 7. Bb3 Bg7 8. Nf1 g4 9. Ng1 d5 10. exd5 Nxd5 11. Ne2 Be6 12. Ne3 Qd7 13. Bxd5 Bxd5 14. Ng3 Be6 15. Nh5 Rg8 16. Nxg7+ Rxg7 17. Nc2 h5 18. 0-0 0-0-0 19. Ne1 h4 20. Qa4 f5 21. b4 Kb8 22. f4 e4 23. Be3 a6 24. dxe4 Bc4 25. Rf2 fxe4 26. Qc2 g3 27. Rd2 gxh2+ 28. Kxh2 Bd3 29. Nxd3 exd3 30. Qd1 h3 31. g3 Qf5 32. Qh1 Qg4 33. Bf2 Re7 34. Re1 Re6 35. Rxe6 Qxe6 36. Qf3 Qc4 37. Bd4 Nxd4 38. cxd4 Qxd4 39. f5 Rd6 40. Qf4 Qxf4 41. gxf4 b6 42. f6 Rxf6 43. Rxd3 Rxf4 44. a3 Rh4 45. Rxh3 0-1

[Event "Budapest SixDays 11 IM"]
[Site "Budapest"]
[Date "2022.11.29"]
[Round "3"]
[White "Juhasz, Agoston Botond"]
[Black "Ongut, Tamas Gunes"]
[Result "1/2-1/2"]
[WhiteElo "2308"]
[BlackElo "2281"]
[PlyCount "41"]
[EventDate "2022.11.28"]
[EventType "tourn"]
[EventRounds "9"]
[EventCountry "HUN"]
[SourceTitle "CBM 211 Extra"]
[Source "ChessBase"]
[SourceDate "2023.01.31"]
[SourceVersion "1"]
[SourceVersionDate "2023.01.31"]
[SourceQuality "1"]

1. e4 e5 2. Nf3 Nf6 3. Nxe5 d6 4. Nf3 Nxe4 5. Nc3 Nxc3 6. dxc3 Be7 7. Be3 0-0 8. Qd2 Nd7 9. 0-0-0 Nf6 10. Bd3 Re8 11. Rhe1 Bg4 12. Bg5 Qd7 13. Kb1 Bf5 14. Nd4 Bg6 15. Re2 Ne4 16. Bxe4 Bxg5 17. Qd3 Rxe4 18. Rxe4 d5 19. Qg3 Bxe4 20. Qxg5 Re8 21. Nb3 1/2-1/2

[Event "Budapest SixDays 11 IM"]
[Site "Budapest"]
[Date "2022.11.28"]
[Round "1"]
[White "To, Nhat Minh"]
[Black "Ongut, Tamas Gunes"]
[Result "1/2-1/2"]
[WhiteElo "2321"]
[BlackElo "2281"]
[PlyCount "110"]
[EventDate "2022.11.28"]
[EventType "tourn"]
[EventRounds "9"]
[EventCountry "HUN"]
[SourceTitle "CBM 211 Extra"]
[Source "ChessBase"]
[SourceDate "2023.01.31"]
[SourceVersion "1"]
[SourceVersionDate "2023.01.31"]
[SourceQuality "1"]

1. Nf3 d5 2. e3 Nf6 3. c4 c5 4. cxd5 Nxd5 5. Nc3 Nc6 6. Bb5 e6 7. 0-0 Be7 8. b3 Nxc3 9. dxc3 Qxd1 10. Rxd1 Bd7 11. e4 a6 12. Be2 Bf6 13. Be3 Bxc3 14. Rac1 Bd4 15. Nxd4 cxd4 16. Bxd4 Nxd4 17. Rxd4 Bc6 18. f3 Ke7 19. Kf2 Rhd8 20. Rxd8 Rxd8 21. Ke3 g5 22. h4 gxh4 23. Rh1 Rg8 24. Kf2 Bb5 25. Bxb5 axb5 26. Rxh4 Ra8 27. Rh5 Rxa2+ 28. Kg3 Ra5 29. Kf4 Kf6 30. g4 b6 31. b4 Ra3 32. Rxb5 e5+ 33. Kg3 Ra6 34. Kh4 h6 35. Kh5 Ra3 36. Kxh6 Rxf3 37. g5+ Ke6 38. Rxb6+ Ke7 39. b5 Rh3+ 40. Kg7 Rg3 41. Rb7+ Kd6 42. Kxf7 Rxg5 43. Rb6+ Kc5 44. Rg6 Rh5 45. b6 Rh1 46. Rg2 Rb1 47. Rd2 Rxb6 48. Rd5+ Kc4 49. Rxe5 Kd4 50. Re8 Rh6 51. e5 Kd5 52. e6 Ke5 53. e7 Rf6+ 54. Kg7 Re6 55. Kg8 Kf6 1/2-1/2